Vui học chữ Hán

Hướng dẫn học tiếng Hán được giải thích cặn kẽ từng chi tiết theo từng nét và kèm theo hình ảnh minh họa, qua đó giúp người đọc dễ dàng liên tưởng giữa hình ảnh và hiểu được ý nghĩa của chữ...

Description complète

Enregistré dans:
Détails bibliographiques
Auteur principal: Mỹ Duy
Format: Livre
Langue:Undetermined
Publié: Hà Nội Dân trí 2019
Sujets:
Tags: Ajouter un tag
Pas de tags, Soyez le premier à ajouter un tag!
Thư viện lưu trữ: Trung tâm Học liệu Trường Đại học Cần Thơ
LEADER 00873nam a2200217Ia 4500
001 CTU_230812
008 210402s9999 xx 000 0 und d
020 |c 65000 
082 |a 495.1 
082 |b M600/T.1 
100 |a Mỹ Duy 
245 0 |a Vui học chữ Hán 
245 0 |c Mỹ Duy 
260 |a Hà Nội 
260 |b Dân trí 
260 |c 2019 
520 |a Hướng dẫn học tiếng Hán được giải thích cặn kẽ từng chi tiết theo từng nét và kèm theo hình ảnh minh họa, qua đó giúp người đọc dễ dàng liên tưởng giữa hình ảnh và hiểu được ý nghĩa của chữ 
650 |a Tiếng Trung,Chinese language 
650 |x Dạy và học,Study and teaching 
910 |a Tuyến 
980 |a Trung tâm Học liệu Trường Đại học Cần Thơ